000 00544nam a2200193Ia 4500
005 20250508161354.0
008 008 250505s9999 xx 000 0 eng d
037 _aTextBook
040 _aFEDL
_beng
_cFEDL
041 _aeng
_2eng
084 _a370.19, SAI
_qFEDL
100 _aSaiyidain K.G.
_9764222
245 0 _aEducation for international understanding
260 _aBombay, India
_bHind Kitabs Ltd
_c1948
300 _a203p.
650 _aEducation-Sociology
942 _cTB
_h370.19, SAI
999 _c1369739
_d1369739